000
00339nam a2200121Ia 4500
008
151213s9999 xx 000 0 und d
245
_a
Annual Budget 2005 -06 : Budget in Briet
_b
Ministry of Finance & Finance Devision
260
_a
Dhaka
_b
Govt.
_c
2005 -06
300
_a
2354 p.
650
_a
Economics
650
_a
Economics
999
_c
1663
_d
1663